Estudios selectos sobre interpretación profética
সংরক্ষণ করুন:
| বিন্যাস: | গ্রন্থ |
|---|---|
| ভাষা: | ইংরেজি |
| বিষয়গুলি: | |
| ট্যাগগুলো: |
ট্যাগ যুক্ত করুন
কোনো ট্যাগ নেই, প্রথমজন হিসাবে ট্যাগ করুন!
|
MARC
| LEADER | 00000nam a22000007a 4500 | ||
|---|---|---|---|
| 003 | CL-ChBUA | ||
| 005 | 20130724101639.0 | ||
| 008 | 130724b xxu||||| |||| 00| 0 eng d | ||
| 040 | |a CL-ChBUA |c CL-ChBUA | ||
| 245 | 1 | 0 | |a Estudios selectos sobre interpretación profética |
| 650 | 4 | |a Profecías de Daniel y Apocalípsis | |
| 942 | |2 ddc |c SBOL | ||
| 952 | |0 0 |1 0 |2 ddc |4 0 |6 Nº_000000000000000_008 |7 0 |9 1137320 |a UNACH |b UNACH |d 2013-07-24 |l 3 |m 1 |o Bol. N° 896 |p 73280 |r 2015-06-10 00:00:00 |s 2015-06-09 |w 2013-07-24 |y SBOL | ||
| 999 | |c 2060118 |d 2060118 | ||